000 00689cam a2200217 a 4500
001 12073459
005 20180130044333.0
008 000623s2001 nyuab 001 0 eng
010 _a 00057676
020 _a0716735385
040 _aDLC
_cDLC
_dDLC
041 _aeng
080 _a541 ATK
082 0 0 _a541 ATK
_221
100 1 _a12
101 _aKIM
245 1 4 _aThe elements of physical chemistry :
_cPeter Atkins.
906 _a7
_bcbc
_corignew
_d1
_eocip
_f20
_gy-gencatlg
942 _2ddc
_cBK
999 _c41256
_d41256